000 00862nam a2200253 i 4500
001 64553
003 ES-MaACL
005 20230906165146.0
007 t|
008 031229s1980 sp |||| | spa d
020 _a84-249-0835-X
100 1 _aFontaine, Jacqueline.
_951582
245 1 3 _aEl círculo lingüístico de Praga /
_cJacqueline Fontaine ; versión española de Federico Sánchez Alcolea.
260 _aMadrid :
_bGredos,
_c[1980]
300 _a177 p. ;
_c20 cm.
490 1 _aBiblioteca románica hispánica. II. Estudios y ensayos ;
_v303
500 _aÍndice.
504 _aBibliografía.
650 4 _aLingüística estructural.
_9151330
700 1 _aSánchez Alcolea, Federico.
_9102443
830 0 _aBiblioteca románica hispánica. II. Estudios y ensayos ;
_v303
_9178108
852 _aES-MaACL
_jL-10880
999 _c64553
_d64553